00369 a2200109 4500001001000000005001700010008004100027245004300068100002800111773010300139999001700242ART_3965820260410162012.0260409a 10aHacia un sistema tributario perdurable1 aRemes Lenicov, Jorge L.0 tPropuestas para la sociedad, el gobierno y la produccióng- Año 5, Nº 9 (nov. 2001)wREV39547 c32286d32286